Central Library OPAC University of Rajshahi

The Cambridge history of Islam / (Record no. 33181)

MARC details
000 -LEADER
fixed length control field 01053cam a2200301 4500
001 - CONTROL NUMBER
control field 33181
003 - CONTROL NUMBER IDENTIFIER
rucl marc code BD-RjUL
005 - DATE AND TIME OF LATEST TRANSACTION
control field 20211209051948.0
008 - FIXED-LENGTH DATA ELEMENTS--GENERAL INFORMATION
fixed length control field 140428s1970 enkab b 001 0 eng
020 ## - INTERNATIONAL STANDARD BOOK NUMBER
International Standard Book Number 0521076013
035 ## - SYSTEM CONTROL NUMBER
System control number (BD-RjUL)33272
040 ## - CATALOGING SOURCE
Original cataloging agency DLC
Transcribing agency DLC
Modifying agency BD-RjUL
Language of cataloging eng
041 ## - LANGUAGE CODE
Language code of text/sound track or separate title eng
082 00 - DEWEY DECIMAL CLASSIFICATION NUMBER
Classification number 910.031767
Author mark and year CAM V-1 1970
245 04 - TITLE STATEMENT
Title The Cambridge history of Islam /
Statement of responsibility, etc. edited by P. M. Holt, Ann K. S. Lambton and Bernard Lewis.
260 ## - PUBLICATION, DISTRIBUTION, ETC. (IMPRINT)
Place of publication, distribution, etc. Cambridge :
Name of publisher, distributor, etc. University Press,
Date of publication, distribution, etc. c1970.
300 ## - PHYSICAL DESCRIPTION
Pagination v. :
Illustrations ill. ;
Size 24 cm.
350 ## - PRICE (NR) (BK AM CF MU VM SE) [OBSOLETE]
Price £13/-/-
-- ($39.00 U.S.)
504 ## - BIBLIOGRAPHY, ETC. NOTE
Bibliography, etc Includes bibliography and index.
505 0# - FORMATTED CONTENTS NOTE
Formatted contents note v. 1. The central Islamic lands.--v. 2. The further Islamic lands, Islamic society and civilization.
650 #0 - SUBJECT ADDED ENTRY--TOPICAL TERM
Topical term or geographic name as entry element Islamic civilization.
9 (RLIN) 99742
651 #0 - SUBJECT ADDED ENTRY--GEOGRAPHIC NAME
Geographic name Islamic countries
General subdivision History.
9 (RLIN) 99743
700 1# - ADDED ENTRY--PERSONAL NAME
Personal name Holt, P. M.
Fuller form of name (Peter Malcolm)
Personal name Lambton, Ann K. S.,
Dates associated with a name 1912-2008,
Relator term ed.
Personal name Lewis, Bernard,
Dates associated with a name 1916-
Relator term ed.
942 ## - ADDED ENTRY ELEMENTS (KOHA)
Source of classification or shelving scheme Dewey Decimal Classification
Koha item type Books
Holdings
Lost status Source of classification or shelving scheme Damaged status Not for loan Collection code Permanent Location Current Location Shelving location Date acquired Source of acquisition Cost, normal purchase price Total Checkouts Full call number Date last seen Copy number Koha item type
  Dewey Decimal Classification     Non-fiction Central Library, University of Rajshahi Central Library, University of Rajshahi   01/02/1967 Mirga Book Agency 8.50   909.0917671 CAM V-1 1970 30/04/2014 C-3 Books
  Dewey Decimal Classification   Not For Loan Non-fiction Central Library, University of Rajshahi Central Library, University of Rajshahi Reading Room 01/02/1967 Mirga Book Agency 8.50   909.0917671 CAM V-1 1970 28/12/2016 C-1 Books
  Dewey Decimal Classification     Non-fiction Central Library, University of Rajshahi Central Library, University of Rajshahi   13/01/1975 Jonathan wree & co., London 8.50   909.0917671 CAM V-1 1970 13/05/2017 C-2 Books